000 00624nmm a2200217Ia 4500
008 251105s9999||||xx |||||||||||||||||und||
020 _a9788492663026
041 _aspa
100 _aCserháti, Éva
245 0 _aLos días contados
264 _a[Madrid, España] :
_bLibros del asteroide,
_c2011
300 _a688 páginas
490 _aLibros del Asteroide
650 _aHistorical fiction
700 _aCserháti, Éva
700 1 _a Fuentes Gaviño, Antonio Manuel
700 1 _a Bánffy, Miklós
700 1 _a Monmany, Mercedes
856 _uhttps://public.digitaliapublishing.com/a/33495
942 _cCF
999 _c64368
_d64368